000 00481cam a2200205ua 4500
001 456
005 20260515113152.0
008 110406n ii |||gr||||Z||||||eng
040 _cMAIN
082 _a320.5
245 _aPolitical theory.
_cBy A Ray.
250 _a4th.
260 _aCalcutta.:
_bWorld Press.,969.
300 _axiii, 527 p.:6 cm.
653 _aPolitical science.
653 _aPolitical theory.
700 1 _aRay, A.,
700 1 _aBhattacharya.,
942 _cBK
999 _c399
_d399